Patrones de dinámica industrial en la industria manufacturera del Partido de General Pueyrredón en el período 1994-2005 (Registro nro. 22825)

Detalles MARC
000 -LEADER
fixed length control field 00543 a2200157 4500
001 - CONTROL NUMBER
control field ART_6719
005 - DATE AND TIME OF LATEST TRANSACTION
control field 20260410161826.0
008 - FIXED-LENGTH DATA ELEMENTS--GENERAL INFORMATION
fixed length control field 260409a
100 1# - MAIN ENTRY--PERSONAL NAME
Personal name Gennero de Rearte, Ana M.
245 10 - TITLE STATEMENT
Title Patrones de dinámica industrial en la industria manufacturera del Partido de General Pueyrredón en el período 1994-2005
700 1# - ADDED ENTRY--PERSONAL NAME
Personal name Liseras, Natacha
700 1# - ADDED ENTRY--PERSONAL NAME
Personal name Graña, Fernando
700 1# - ADDED ENTRY--PERSONAL NAME
Personal name Calá, Carla Daniela
700 1# - ADDED ENTRY--PERSONAL NAME
Personal name Veira, Gastón
773 0# - HOST ITEM ENTRY
Title FACES
Related parts - Año 14, Nº 30/31 (ene./dic. 2008)
Record control number REV5046

No hay ítems disponibles.